Catalog

Record Details

Catalog Search



Available copies

  • 1 of 1 copy available at LARL/NWRL Consortium.

Current holds

0 current holds with 1 total copy.

Show Only Available Copies
Location Call Number / Copy Notes Barcode Shelving Location Status Due Date
Godel Memorial-Warren Library pb JAR (Text) 35500005885932 Main Available -

Record details

  • ISBN: 9781455597857
  • ISBN: 1455597856
  • Physical Description: 371 pages ; 18 cm.
  • Edition: First edition.
  • Publisher: New York : Forever, 2017.
Subject: Balls (Parties) > Fiction.
Nobility > Scotland > Fiction.
Highlands (Scotland) > Fiction.
Genre: Romance fiction.
Historical fiction.
Love stories.
LDR 01118cam a2200361Ki 4500
001259747
003LARL_NWRL_CONSORTIUM
00520170703194404.0
008160920s2017 nyu 000 1 eng d
019 . ‡a958797473
020 . ‡a9781455597857
020 . ‡a1455597856
035 . ‡a(OCoLC)958782955 ‡z(OCoLC)958797473
040 . ‡aYDX ‡beng ‡erda ‡cYDX ‡dOCLCQ ‡dBTCTA ‡dBDX ‡dIEB ‡dGO9 ‡dGZD
043 . ‡ae-uk-st
08204. ‡a813/.6 ‡223
1001 . ‡aJarecki, Amy, ‡d1961- ‡0(LARL_NWRL_CONSORTIUM)222137
24514. ‡aThe Highland commander ‡n#2 / ‡cAmy Jarecki.
250 . ‡aFirst edition.
264 1. ‡aNew York : ‡bForever, ‡c2017.
300 . ‡a371 pages ; ‡c18 cm.
336 . ‡atext ‡btxt ‡2rdacontent
337 . ‡aunmediated ‡bn ‡2rdamedia
338 . ‡avolume ‡bnc ‡2rdacarrier
4900 . ‡aLords of the Highlands ; ‡v2
650 0. ‡aBalls (Parties) ‡vFiction.
650 0. ‡aNobility ‡zScotland ‡vFiction.
651 0. ‡aHighlands (Scotland) ‡vFiction. ‡0(LARL_NWRL_CONSORTIUM)165560
655 7. ‡aRomance fiction. ‡2lcgft
655 7. ‡aHistorical fiction. ‡2gsafd
655 7. ‡aLove stories. ‡2gsafd
901 . ‡a259747 ‡b ‡c259747 ‡tbiblio

Additional Resources